In defense of divine justice : (Registro nro. 62878)

Detalles MARC
000 -LEADER
campo de control de longitud fija 01635cam a22004218a 4500
001 - NÚMERO DE CONTROL
campo de control 691927814
003 - IDENTIFICADOR DE NÚMERO DE CONTROL
campo de control PE-LiUPU
005 - FECHA Y HORA DE LA ÚLTIMA TRANSACCIÓN
campo de control 20250731173603.0
008 - DATOS DE LONGITUD FIJA--INFORMACIÓN GENERAL
campo de control de longitud fija 101208s2010 dcu b 001 0 eng
020 ## - NÚMERO INTERNACIONAL ESTÁNDAR DEL LIBRO
Número Internacional Estándar del Libro 0915170469
035 ## - NÚMERO DE CONTROL DEL SISTEMA
Número de control de sistema (OCoLC)691927814
040 ## - FUENTE DE CATALOGACIÓN
Centro catalogador/agencia de origen DLC
Centro/agencia transcriptor PE-LiUPU
Centro/agencia modificador PE-LiUPU
Lengua de catalogación spa
Normas de descripción rda
049 ## - FONDOS LOCALES (OCLC)
Biblioteca depositaria EXNs
050 00 - SIGNATURA TOPOGRÁFICA DE LA BIBLIOTECA DEL CONGRESO
Número de clasificación BS1605.52
Número de ítem .M85 2010
082 00 - NÚMERO DE LA CLASIFICACIÓN DECIMAL DEWEY
Número de clasificación 224.9206
Número de edición 23
Cutter M954i
100 1# - ENTRADA PRINCIPAL--NOMBRE DE PERSONA
Nombre de persona Muldoon, Catherine L.,
Fechas asociadas al nombre 1971-
Término indicativo de función/relación autor.
245 10 - MENCIÓN DEL TÍTULO
Título In defense of divine justice :
Resto del título an intertextual approach to the book of Jonah /
Mención de responsabilidad, etc. por Catherine L. Muldoon.
264 ## - PRODUCCIÓN, PUBLICACIÓN, DISTRIBUCIÓN, FABRICACIÓN Y COPYRIGHT
Producción, publicación, distribución, fabricación y copyright Washington, DC :
Nombre del de productor, editor, distribuidor, fabricante Catholic Biblical Association of America,
Fecha de producción, publicación, distribución, fabricación o copyright c2010.
300 ## - DESCRIPCIÓN FÍSICA
Extensión viii, 191 páginas ;
Dimensiones 23 cm.
490 0# - MENCIÓN DE SERIE
Mención de serie The Catholic biblical quarterly monograph series ;
Designación de volumen o secuencia 47.
500 ## - NOTA GENERAL
Nota general Revision of the author's thesis (doctoral--Boston College, 2009)
504 ## - NOTA DE BIBLIOGRAFÍA, ETC.
Nota de bibliografía, etc. Incluye bibliografía (p. [153]-180) e índices.
505 ## - NOTA DE CONTENIDO CON FORMATO
Nota de contenido con formato Problems and premises in the interpretation of Jonah -- Dating Jonah : historical, literary, and linguistic analysis -- Thematic parallels between Jonah and Malachi -- Jonah ben Amittai in 2 Kings and in Jonah -- Prophetic imagery in Jonah 4 and the fate of Nineveh.
526 ## - NOTA DE INFORMACIÓN SOBRE EL PROGRAMA DE ESTUDIO
Nombre del programa Segunda Especialidad En Profecías Bíblicas
526 ## - NOTA DE INFORMACIÓN SOBRE EL PROGRAMA DE ESTUDIO
Nombre del programa Segunda Especialidad En Nuevo Testamento
526 ## - NOTA DE INFORMACIÓN SOBRE EL PROGRAMA DE ESTUDIO
Nombre del programa Segunda Especialidad En Antiguo Testamento
526 ## - NOTA DE INFORMACIÓN SOBRE EL PROGRAMA DE ESTUDIO
Nombre del programa Segunda Especialidad En Estudios Adventistas
526 ## - NOTA DE INFORMACIÓN SOBRE EL PROGRAMA DE ESTUDIO
Nombre del programa Doctorado en teología
526 ## - NOTA DE INFORMACIÓN SOBRE EL PROGRAMA DE ESTUDIO
Nombre del programa Maestría en teología histórica
526 ## - NOTA DE INFORMACIÓN SOBRE EL PROGRAMA DE ESTUDIO
Nombre del programa Maestría en teología bíblica
526 ## - NOTA DE INFORMACIÓN SOBRE EL PROGRAMA DE ESTUDIO
Nombre del programa Maestría en teología
526 ## - NOTA DE INFORMACIÓN SOBRE EL PROGRAMA DE ESTUDIO
Nombre del programa Maestría en misionología
526 ## - NOTA DE INFORMACIÓN SOBRE EL PROGRAMA DE ESTUDIO
Nombre del programa Maestría en liderazgo eclesiástico
526 ## - NOTA DE INFORMACIÓN SOBRE EL PROGRAMA DE ESTUDIO
Nombre del programa Teología
630 14 - PUNTO DE ACCESO ADICIONAL DE MATERIA--TÍTULO UNIFORME
Título uniforme Biblia.
Nombre de parte o sección de la obra Jonás
Subdivisión general Crítica, interpretación, etc.
9 (RLIN) 589
942 ## - ELEMENTOS DE ENTRADA SECUNDARIOS (KOHA)
Fuente del sistema de clasificación o colocación Clasificación Decimal Dewey
Tipo de ítem Koha Libros físicos
Suprimir en OPAC No
980 ## - EQUIVALENCIA O REFERENCIA-CRUZADA-MENCIÓN DE SERIE--NOMBRE DE PERSONA/TÍTULO [LOCAL, CANADÁ]
ID del usuario creador del registro 18226
Nombre del creador del registro Jaime Vilcazán Jefe de Análisis Documental
ID del último usuario que modificó el registro 1
Nombre del último usuario que modificó el registro ALBERTO SANCHEZ Responsable de Automatización
Existencias
Visto por última vez Total de préstamos Signatura topográfica completa Código de barras Copia número Coste, precio de reemplazo Fecha de reemplazo Facultad Tipo de ítem Koha Estado de pérdida Fuente del sistema de clasificación o colocación Restricciones de uso No para préstamo Colección Programa académico Biblioteca de origen Biblioteca actual Ubicación en estantería Fecha de adquisición Fuente de adquisición
2025-12-02   224.9206 M954i 82562 e1 17.00 2025-03-10 Teología Libros físicos No Perdido Clasificación Decimal Dewey No restringido Disponible para préstamos Colección General Teología Biblioteca CRAI UPeU Lima Biblioteca CRAI UPeU Lima Sala principal 2024-12-23 Donación, Merling Alomía